Nicole Malinconi, Jacques André. Crimes de femmes (notice n° 2038579)
[ vue normale ]
| 000 -LEADER | |
|---|---|
| fixed length control field | 00741cam a2200241 4500500 |
| 005 - DATE AND TIME OF LATEST TRANSACTION | |
| control field | 20260405000557.0 |
| 041 ## - LANGUAGE CODE | |
| Language code of text/sound track or separate title | fre |
| 042 ## - AUTHENTICATION CODE | |
| Authentication code | dc |
| 100 10 - MAIN ENTRY--PERSONAL NAME | |
| Personal name | Malinconi, Nicole |
| Relator term | author |
| 245 00 - TITLE STATEMENT | |
| Title | Nicole Malinconi, Jacques André. Crimes de femmes |
| 260 ## - PUBLICATION, DISTRIBUTION, ETC. | |
| Date of publication, distribution, etc. | 2008.<br/> |
| 500 ## - GENERAL NOTE | |
| General note | 56 |
| 690 ## - LOCAL SUBJECT ADDED ENTRY--TOPICAL TERM (OCLC, RLIN) | |
| Topical term or geographic name as entry element | Crime |
| 690 ## - LOCAL SUBJECT ADDED ENTRY--TOPICAL TERM (OCLC, RLIN) | |
| Topical term or geographic name as entry element | Identité |
| 690 ## - LOCAL SUBJECT ADDED ENTRY--TOPICAL TERM (OCLC, RLIN) | |
| Topical term or geographic name as entry element | Jacques André |
| 690 ## - LOCAL SUBJECT ADDED ENTRY--TOPICAL TERM (OCLC, RLIN) | |
| Topical term or geographic name as entry element | Nicole Malinconi |
| 690 ## - LOCAL SUBJECT ADDED ENTRY--TOPICAL TERM (OCLC, RLIN) | |
| Topical term or geographic name as entry element | Psychologie |
| 690 ## - LOCAL SUBJECT ADDED ENTRY--TOPICAL TERM (OCLC, RLIN) | |
| Topical term or geographic name as entry element | Responsabilité |
| 700 10 - ADDED ENTRY--PERSONAL NAME | |
| Personal name | André, Jacques |
| Relator term | author |
| 700 10 - ADDED ENTRY--PERSONAL NAME | |
| Personal name | Jeancourt-Galignani, Oriane |
| Relator term | author |
| 786 0# - DATA SOURCE ENTRY | |
| Note | Philosophie magazine | 19 | 5 | 2008-05-01 | p. 5-6 | 1951-1787 |
| 856 41 - ELECTRONIC LOCATION AND ACCESS | |
| Uniform Resource Identifier | <a href="https://shs.cairn.info/magazine-philosophie-magazine-2008-5-page-5?lang=fr&redirect-ssocas=7080">https://shs.cairn.info/magazine-philosophie-magazine-2008-5-page-5?lang=fr&redirect-ssocas=7080</a> |
Pas d'exemplaire disponible.




Réseaux sociaux